000 00757nam a2200217 a 4500
001 49253
003 BD-RjUL
005 20211209054645.0
008 160818s1996 BG ||||| |||| 00| 0 ben d
035 _a(BD-RjUL)49372
040 _aBD-RjUL
_bben
_cBD-RjUL
041 _aben
082 _223
_a891.443
_bKHB 1996
100 1 _aখানম, লতিফা লুৎফে আরা
_9127941
245 1 0 _aবৈরী সময় /
_cলতিফা লুৎফে আরা খানম
260 _aঢাকা :
_bকাজী ফয়জুল মাহি,
_c১৯৯৬
300 _a৮৮ পৃ.
_c২১ সেমি.
650 _aবাংলা উপন্যাস
_9147972
650 _aBengali Fiction
_9147973
942 _2ddc
_cBK
999 _c49253
_d49253